000
00331nam a2200133Ia 4500
008
240624s9999 xx 000 0 und d
041
_a
eng
082
_a
823 DEL
100
_a
DELANEY JP
245
_a
GIRL BEFORE EVERYTHING THAT S YOURS WAS
260
_c
2017
_a
New Delhi
_b
Quercus
300
_a
407 p.; 19 cm.
365
_c
RS
_b
30
999
_c
29509
_d
29509